| 000 | 00975cam a2200301 a 4500 | ||
|---|---|---|---|
| 001 | 4444617 | ||
| 005 | 20220222100542.0 | ||
| 008 | 940922s1993 ie 001 0 eng d | ||
| 010 | _a 94211573 | ||
| 015 | _aGB93-47084 | ||
| 020 | _a1856350517 | ||
| 035 | _a(OCoLC)28891016 | ||
| 040 |
_aUk _cUk _dDLC |
||
| 042 | _alccopycat | ||
| 050 | 0 | 0 |
_aPR1175 _b.F295 1993 |
| 082 | 0 | 0 |
_a821.008 _220 |
| 100 | _aWalsh, Thomas F. | ||
| 245 | 0 | 0 |
_aFavourite poems we learned in school / _cchosen and introduced by Thomas F. Walsh. |
| 260 |
_aCork : _bMercier Press, _c[1993?] |
||
| 300 |
_a122 p. ; _c20 cm. |
||
| 500 | _aIncludes index. | ||
| 650 | 0 | _aEnglish poetry. | |
| 653 | 0 | _aAmerican poetry. | |
| 700 | 1 |
_aWalsh, Thomas F. _c(Primary school headmaster) |
|
| 906 |
_a7 _bcbc _ccopycat _d3 _encip _f19 _gy-gencatlg |
||
| 942 |
_2lcc _cBOOK _hPR1175 .F295 1993 |
||
| 999 |
_c31066 _d31066 |
||